| 000 | 01219cam a2200277 a 4500 | ||
|---|---|---|---|
| 999 |
_c128166 _d128166 |
||
| 001 | 11915794 | ||
| 003 | ARRUPE | ||
| 005 | 20180914112919.0 | ||
| 008 | 000217r19991967inua b 001 0 eng | ||
| 010 | _a 00025945 | ||
| 020 | _a0865972745 (alk. paper) | ||
| 020 | _a0865972788 (pbk. : alk. paper) | ||
| 040 |
_aDLC _cDLC _dDLC |
||
| 043 | _ae------ | ||
| 050 | 0 | 0 |
_aD246 _b.T75 2001 |
| 082 | 0 | 0 |
_a940.2/52 _221 |
| 100 | 1 |
_aTrevor-Roper, H. R. _q(Hugh Redwald), _d1914-2003. _942197 |
|
| 245 | 1 | 4 |
_aThe crisis of the seventeenth century : _breligion, the Reformation, and social change / _cHugh Trevor-Roper. |
| 246 | 3 | _aCrisis of the 17th century | |
| 260 |
_aIndianapolis : _bLiberty Fund, _cc1999. |
||
| 300 |
_axiv, 415 p. : _bill. ; _c24 cm. |
||
| 500 | _aOriginally published: New York : Harper & Row, 1967. | ||
| 504 | _aIncludes bibliographical references and index. | ||
| 651 | 0 |
_aEurope _xHistory _y17th century. _942198 |
|
| 906 |
_a7 _bcbc _corignew _d1 _eocip _f20 _gy-gencatlg |
||
| 942 |
_2lcc _cMONOGRAPH |
||